000 00515nam a22001937a 4500
003 KOHA_MİRAKIL
005 20251111131450.0
008 251111b tu ||||| |||| 00| 0 tur d
020 _a9786057682383
040 _aTR-AnABB
_btur
_cTR-AnABB
041 _atur
082 _a813.42
_bEKS 2020
100 1 _aEkşi, Bülent,
245 1 0 _aShaula /
_cBülent Ekşi
260 _aİstanbul :
_bPost Yayınevi,
_c2020
300 _a686 sayfa ;
_c26 cm
650 0 4 _aTürk edebiyatı, roman
942 _2ddc
_cBK
999 _c9352
_d9352
900 _bGizem YORULMAZ